000 00566nam a22001811a 4500
001 11495
003 OSt
005 20260204212244.0
008 121119s2010||||ck ||||||b||||||||||spa||
020 _a9789588675111
050 _a658.406 M366g
100 _aMartinez Villaverde, Lorena
245 _aGestión del cambio y la innovación en la empresa: Un modelo para la innvacion empresarial
264 _aColombia : Ediciones de la U
300 _a142 P.
650 _aManejo del cambio. 2 Administracion del cambio. 3 Innovacion EmpresarialÌ
942 _2ddc
_cBK
999 _c11495
_d11495